000 00869nas a2200265 4500
001 BR2013005401
003 BR-BrBNA
005 20231205122629.0
007 ta
008 230509b bl.|||p| |||| 00| 00por d
040 _aBR-BrBNA
_bpor
_cBiblioteca Nacional de Agricultura
041 _a(Pt)
072 _aP36
100 1 _aRodrigues, D.B.B.
100 1 _aAlves Sobrinho, T.
100 1 _aOliveira, P.T.S. de
100 1 _aPanachuki, E.
245 1 _aNova abordagem sobre o modelo brasileiro de serviços ambientais
650 _aCONSERVAÇÃO DO SOLO
650 _aPOLÍTICA AMBIENTAL
773 0 _tRevista Brasileira de Ciência do Solo (Brazil)
_xISSN 0100-0683
_g(May-Jun 2011), v. 35(3) p. 1037-1045
_wBR2013005401
856 4 0 _uhttp://www.scielo.br/pdf/rbcs/v35n3/v35n3a37.pdf
909 _a202311
_bLúcia
_c55
_dLúcia Elande
942 _2AGRIS
_n0
_cANA
999 _c229668
_d229668